| 000 | 00594nam a22001815i 4500 | ||
|---|---|---|---|
| 001 | 171536 | ||
| 003 | ES-MaACL | ||
| 005 | 20230906214646.0 | ||
| 008 | 090519s1957 sp |||| | spa d | ||
| 100 | 1 |
_aSolano Costa, Fernando. _9107083 |
|
| 245 | 1 | 3 |
_aLa idea de España en José Antonio / _cFernando Solano Costa. |
| 260 |
_aZaragoza : _bDelegación de Educación y Cultura, _c1957. |
||
| 300 |
_a23 p. ; _c17 cm. |
||
| 490 | 1 |
_aColección siempre y ahora ; _v8 |
|
| 830 | 0 |
_aColección siempre y ahora ; _v8 _9223180 |
|
| 852 |
_aES-MaACL _j1998-F-19 _9R.41392 |
||
| 999 |
_c171536 _d171536 |
||